000
00206nam a22000857a 4500
001
1254117
005
20251104152606.0
245
_a
AY IŞIĞI SOKAĞI
_c
STEFAN ZWEIG
260
_b
TÜRKİYE İŞ BANKASI YAYINLARI
999
_c
1254117
_d
1254117